Mathematische Werke

Αποθηκεύτηκε σε:
Λεπτομέρειες βιβλιογραφικής εγγραφής
Κύριος συγγραφέας: Hurwitz, Adolf, 1859-1919
Συγγραφή απο Οργανισμό/Αρχή: Zurich (Switzerland) Eidgenossisch technische hochschule Abteilung fur Mathematik und Physik
Άλλοι συγγραφείς: Polya, George, 1887-1985 (Συγγραφέας εισαγωγής κ.λπ.)
Μορφή: Βιβλίο
Γλώσσα:German
Δημοσίευση: Basel : Emil Birkhauser, 1933.
Θέματα:
Ετικέτες: Προσθήκη ετικέτας
Δεν υπάρχουν, Καταχωρήστε ετικέτα πρώτοι!

MARC

LEADER 00000cam a2200000 i 4500
001 1/19308
008 120509m1933 sz ||| | ger||
035 |l 10112385 
040 |a GR-MyUA  |b gre  |e AACR2 
041 0 |a ger 
082 0 |a 510   |2 (22) 
100 1 |a Hurwitz, Adolf,   |d 1859-1919. 
245 1 0 |a Mathematische Werke /   |c von Adolf Hurwitz; cherausgegeben von der Abteilung fur Mathematik und Physik der Eidgenossischen Technischen Hochule in Zurich.  
260 |a Basel :   |b Emil Birkhauser,   |c 1933.  
300 |a 1τ. (xiv, 755 σ.) ;   |c 25 εκ.  
500 |a Prefaces signed: Georg Polya. 
500 |a "Verzeichnis der der Eidgenossischen technischen hochschule und derUniversitat Zurich eingereichten, von Adolf Hurwitz begutachtetendissertationen": v. 2, p. [754]-755. 
505 0 |a Bd. II. Zahlentheorie, Algebra und Geometrie. 
650 0 0 |a Algebra. 
650 0 0 |a Geometry. 
700 1 |a Polya, George,   |d 1887-1985,  |e aui 
710 0 |a Zurich (Switzerland)  |b Eidgenossisch technische hochschule  |b Abteilung fur Mathematik und Physik. 
852 |a INST  |b SAMOS  |c MAG  |e 20120509  |h 510 HUR  |p 005300033836  |q 005300033836  |t BK  |v τ.2:  |y 0  |z τ.2 
853 |a INST  |b SAMOS  |c MAG  |h 510 HUR 
901 |a BIBL3-2012-1 
909 |a Σ  |b 172078 
970 |a ΓΟΥΒΑΛΑ  |b ΒΑΣΩ  |z 2012/05/09